South Africa 2010 World Cup - Statistics

General Stats
  • This quiz has been taken 136 times
  • The average score is 27 of 32
Answer Stats
Team % Correct
Portugal
99%
South Africa
98%
Brazil
97%
Spain
97%
Germany
96%
Argentina
95%
England
95%
France
95%
Mexico
95%
USA
95%
Japan
93%
Uruguay
93%
Italy
91%
Chile
90%
Netherlands
88%
Australia
87%
South Korea
87%
Ghana
86%
Nigeria
86%
Switzerland
83%
North Korea
81%
Algeria
77%
Ivory Coast
77%
Paraguay
77%
Cameroon
74%
Slovakia
74%
Greece
73%
Slovenia
73%
New Zealand
71%
Serbia
70%
Denmark
68%
Honduras
67%
No matching quizzes found
Score Distribution
Percent of People with Each Score
Percentile by Number Answered
Your Score History
You have not taken this quiz